<?xml version="1.0" encoding="UTF-8"?>
<collection xmlns="http://www.loc.gov/MARC21/slim">
 <record>
  <leader>03333aam a22003978a 4500</leader>
  <controlfield tag="001">NCT_15464</controlfield>
  <controlfield tag="008">090609s2008                  ||||||viesd</controlfield>
  <datafield tag="999" ind1=" " ind2=" ">
   <subfield code="c">737</subfield>
   <subfield code="d">737</subfield>
  </datafield>
  <datafield tag="020" ind1=" " ind2=" ">
   <subfield code="c">119000</subfield>
  </datafield>
  <datafield tag="082" ind1="0" ind2="4">
   <subfield code="2">23rd ed.</subfield>
   <subfield code="a">658.15</subfield>
   <subfield code="b">L107</subfield>
  </datafield>
  <datafield tag="100" ind1="1" ind2=" ">
   <subfield code="a">Bùi Hữu Phước </subfield>
  </datafield>
  <datafield tag="245" ind1="0" ind2="0">
   <subfield code="a">Tài chính doanh nghiệp</subfield>
   <subfield code="c">Bùi Hữu Phước (chủ biên), Lê Thị Lanh, Phan Thị Nhi Hiếu</subfield>
  </datafield>
  <datafield tag="250" ind1=" " ind2=" ">
   <subfield code="a">Tái bản lần thứ 1</subfield>
  </datafield>
  <datafield tag="260" ind1=" " ind2=" ">
   <subfield code="a">Tp.HCM</subfield>
   <subfield code="b">Kinh tế Tp.HCM</subfield>
   <subfield code="c">2014</subfield>
  </datafield>
  <datafield tag="300" ind1=" " ind2=" ">
   <subfield code="a">450 tr.</subfield>
   <subfield code="b">Bảng</subfield>
   <subfield code="c">24 cm</subfield>
  </datafield>
  <datafield tag="500" ind1=" " ind2=" ">
   <subfield code="a">ĐTTS ghi: Trường đại học Kinh tế Tp. Hồ Chí Minh</subfield>
  </datafield>
  <datafield tag="520" ind1="3" ind2=" ">
   <subfield code="a">Trình bày những kiến thức cơ bản về tổ chức tài chính doanh nghiệp, thời giá tiền tệ, định giá chứng khoán, giá sử dụng vốn, đầu tư dài hạn, quản lí vốn, vốn tài trợ, chi phí sản xuất, doanh thu, các hoạch định, tác động, rủi ro, phân tích tài chính và kế hoạch tài chính doanh nghiệp</subfield>
  </datafield>
  <datafield tag="653" ind1=" " ind2=" ">
   <subfield code="a">Tài chính - Ngân hàng</subfield>
  </datafield>
  <datafield tag="655" ind1=" " ind2="7">
   <subfield code="a">Giáo trình</subfield>
  </datafield>
  <datafield tag="700" ind1="1" ind2=" ">
   <subfield code="a">Phan Thị Nhi Hiếu</subfield>
  </datafield>
  <datafield tag="700" ind1="1" ind2=" ">
   <subfield code="a">Lê Thị Lanh</subfield>
  </datafield>
  <datafield tag="942" ind1=" " ind2=" ">
   <subfield code="2">ddc</subfield>
   <subfield code="c">BK</subfield>
  </datafield>
  <datafield tag="952" ind1=" " ind2=" ">
   <subfield code="0">0</subfield>
   <subfield code="1">0</subfield>
   <subfield code="2">ddc</subfield>
   <subfield code="4">0</subfield>
   <subfield code="6">658_150000000000000_L107</subfield>
   <subfield code="7">0</subfield>
   <subfield code="9">2885</subfield>
   <subfield code="a">000001</subfield>
   <subfield code="b">000001</subfield>
   <subfield code="d">2017-11-07</subfield>
   <subfield code="o">658.15 L107</subfield>
   <subfield code="p">MD.06293</subfield>
   <subfield code="r">2017-11-07</subfield>
   <subfield code="v">119000.00</subfield>
   <subfield code="w">2017-11-07</subfield>
   <subfield code="y">BK</subfield>
  </datafield>
  <datafield tag="952" ind1=" " ind2=" ">
   <subfield code="0">0</subfield>
   <subfield code="1">0</subfield>
   <subfield code="2">ddc</subfield>
   <subfield code="4">0</subfield>
   <subfield code="6">658_150000000000000_L107</subfield>
   <subfield code="7">0</subfield>
   <subfield code="9">2886</subfield>
   <subfield code="a">000001</subfield>
   <subfield code="b">000001</subfield>
   <subfield code="d">2017-11-07</subfield>
   <subfield code="o">658.15 L107</subfield>
   <subfield code="p">MD.06294</subfield>
   <subfield code="r">2017-11-07</subfield>
   <subfield code="v">119000.00</subfield>
   <subfield code="w">2017-11-07</subfield>
   <subfield code="y">BK</subfield>
  </datafield>
  <datafield tag="952" ind1=" " ind2=" ">
   <subfield code="0">0</subfield>
   <subfield code="1">0</subfield>
   <subfield code="2">ddc</subfield>
   <subfield code="4">0</subfield>
   <subfield code="6">658_150000000000000_L107</subfield>
   <subfield code="7">0</subfield>
   <subfield code="9">2887</subfield>
   <subfield code="a">000001</subfield>
   <subfield code="b">000001</subfield>
   <subfield code="d">2017-11-07</subfield>
   <subfield code="l">1</subfield>
   <subfield code="o">658.15 L107</subfield>
   <subfield code="p">MD.06295</subfield>
   <subfield code="r">2018-11-13</subfield>
   <subfield code="s">2018-11-01</subfield>
   <subfield code="v">119000.00</subfield>
   <subfield code="w">2017-11-07</subfield>
   <subfield code="y">BK</subfield>
  </datafield>
  <datafield tag="952" ind1=" " ind2=" ">
   <subfield code="0">0</subfield>
   <subfield code="1">0</subfield>
   <subfield code="2">ddc</subfield>
   <subfield code="4">0</subfield>
   <subfield code="6">658_150000000000000_L107</subfield>
   <subfield code="7">0</subfield>
   <subfield code="9">2888</subfield>
   <subfield code="a">000001</subfield>
   <subfield code="b">000001</subfield>
   <subfield code="d">2017-11-07</subfield>
   <subfield code="o">658.15 L107</subfield>
   <subfield code="p">MD.06296</subfield>
   <subfield code="r">2017-11-07</subfield>
   <subfield code="v">119000.00</subfield>
   <subfield code="w">2017-11-07</subfield>
   <subfield code="y">BK</subfield>
  </datafield>
  <datafield tag="952" ind1=" " ind2=" ">
   <subfield code="0">0</subfield>
   <subfield code="1">0</subfield>
   <subfield code="2">ddc</subfield>
   <subfield code="4">0</subfield>
   <subfield code="6">658_150000000000000_L107</subfield>
   <subfield code="7">0</subfield>
   <subfield code="9">2889</subfield>
   <subfield code="a">000001</subfield>
   <subfield code="b">000001</subfield>
   <subfield code="d">2017-11-07</subfield>
   <subfield code="o">658.15 L107</subfield>
   <subfield code="p">MD.06297</subfield>
   <subfield code="r">2017-11-07</subfield>
   <subfield code="v">119000.00</subfield>
   <subfield code="w">2017-11-07</subfield>
   <subfield code="y">BK</subfield>
  </datafield>
  <datafield tag="952" ind1=" " ind2=" ">
   <subfield code="0">0</subfield>
   <subfield code="1">0</subfield>
   <subfield code="2">ddc</subfield>
   <subfield code="4">0</subfield>
   <subfield code="6">658_150000000000000_L107</subfield>
   <subfield code="7">0</subfield>
   <subfield code="9">2890</subfield>
   <subfield code="a">000001</subfield>
   <subfield code="b">000001</subfield>
   <subfield code="d">2017-11-07</subfield>
   <subfield code="o">658.15 L107</subfield>
   <subfield code="p">MD.06298</subfield>
   <subfield code="r">2017-11-07</subfield>
   <subfield code="v">119000.00</subfield>
   <subfield code="w">2017-11-07</subfield>
   <subfield code="y">BK</subfield>
  </datafield>
  <datafield tag="952" ind1=" " ind2=" ">
   <subfield code="0">0</subfield>
   <subfield code="1">0</subfield>
   <subfield code="2">ddc</subfield>
   <subfield code="4">0</subfield>
   <subfield code="6">658_150000000000000_L107</subfield>
   <subfield code="7">0</subfield>
   <subfield code="9">2891</subfield>
   <subfield code="a">000001</subfield>
   <subfield code="b">000001</subfield>
   <subfield code="d">2017-11-07</subfield>
   <subfield code="o">658.15 L107</subfield>
   <subfield code="p">MD.06299</subfield>
   <subfield code="r">2017-11-07</subfield>
   <subfield code="v">119000.00</subfield>
   <subfield code="w">2017-11-07</subfield>
   <subfield code="y">BK</subfield>
  </datafield>
  <datafield tag="952" ind1=" " ind2=" ">
   <subfield code="0">0</subfield>
   <subfield code="1">0</subfield>
   <subfield code="2">ddc</subfield>
   <subfield code="4">0</subfield>
   <subfield code="6">658_150000000000000_L107</subfield>
   <subfield code="7">0</subfield>
   <subfield code="9">2892</subfield>
   <subfield code="a">000001</subfield>
   <subfield code="b">000001</subfield>
   <subfield code="d">2017-11-07</subfield>
   <subfield code="o">658.15 L107</subfield>
   <subfield code="p">MD.06300</subfield>
   <subfield code="r">2017-11-07</subfield>
   <subfield code="v">119000.00</subfield>
   <subfield code="w">2017-11-07</subfield>
   <subfield code="y">BK</subfield>
  </datafield>
  <datafield tag="952" ind1=" " ind2=" ">
   <subfield code="0">0</subfield>
   <subfield code="1">0</subfield>
   <subfield code="2">ddc</subfield>
   <subfield code="4">0</subfield>
   <subfield code="6">658_150000000000000_L107</subfield>
   <subfield code="7">0</subfield>
   <subfield code="9">2893</subfield>
   <subfield code="a">000001</subfield>
   <subfield code="b">000001</subfield>
   <subfield code="d">2017-11-07</subfield>
   <subfield code="o">658.15 L107</subfield>
   <subfield code="p">MD.06301</subfield>
   <subfield code="r">2017-11-07</subfield>
   <subfield code="v">119000.00</subfield>
   <subfield code="w">2017-11-07</subfield>
   <subfield code="y">BK</subfield>
  </datafield>
  <datafield tag="952" ind1=" " ind2=" ">
   <subfield code="0">0</subfield>
   <subfield code="1">0</subfield>
   <subfield code="2">ddc</subfield>
   <subfield code="4">0</subfield>
   <subfield code="6">658_150000000000000_L107</subfield>
   <subfield code="7">0</subfield>
   <subfield code="9">2894</subfield>
   <subfield code="a">000001</subfield>
   <subfield code="b">000001</subfield>
   <subfield code="d">2017-11-07</subfield>
   <subfield code="l">1</subfield>
   <subfield code="o">658.15 L107</subfield>
   <subfield code="p">MD.06302</subfield>
   <subfield code="r">2020-11-03</subfield>
   <subfield code="s">2020-10-20</subfield>
   <subfield code="v">119000.00</subfield>
   <subfield code="w">2017-11-07</subfield>
   <subfield code="y">BK</subfield>
  </datafield>
  <datafield tag="952" ind1=" " ind2=" ">
   <subfield code="0">0</subfield>
   <subfield code="1">0</subfield>
   <subfield code="2">ddc</subfield>
   <subfield code="4">0</subfield>
   <subfield code="6">658_150000000000000_L107</subfield>
   <subfield code="7">0</subfield>
   <subfield code="9">2895</subfield>
   <subfield code="a">000001</subfield>
   <subfield code="b">000001</subfield>
   <subfield code="d">2017-11-07</subfield>
   <subfield code="l">2</subfield>
   <subfield code="o">658.15 L107</subfield>
   <subfield code="p">MD.06303</subfield>
   <subfield code="r">2020-10-06</subfield>
   <subfield code="s">2020-03-09</subfield>
   <subfield code="v">119000.00</subfield>
   <subfield code="w">2017-11-07</subfield>
   <subfield code="y">BK</subfield>
  </datafield>
  <datafield tag="952" ind1=" " ind2=" ">
   <subfield code="0">0</subfield>
   <subfield code="1">0</subfield>
   <subfield code="2">ddc</subfield>
   <subfield code="4">0</subfield>
   <subfield code="6">658_150000000000000_L107</subfield>
   <subfield code="7">0</subfield>
   <subfield code="9">2896</subfield>
   <subfield code="a">000001</subfield>
   <subfield code="b">000001</subfield>
   <subfield code="d">2017-11-07</subfield>
   <subfield code="o">658.15 L107</subfield>
   <subfield code="p">MD.06304</subfield>
   <subfield code="r">2017-11-07</subfield>
   <subfield code="v">119000.00</subfield>
   <subfield code="w">2017-11-07</subfield>
   <subfield code="y">BK</subfield>
  </datafield>
  <datafield tag="952" ind1=" " ind2=" ">
   <subfield code="0">0</subfield>
   <subfield code="1">0</subfield>
   <subfield code="2">ddc</subfield>
   <subfield code="4">0</subfield>
   <subfield code="6">658_150000000000000_L107</subfield>
   <subfield code="7">0</subfield>
   <subfield code="9">2897</subfield>
   <subfield code="a">000001</subfield>
   <subfield code="b">000001</subfield>
   <subfield code="d">2017-11-07</subfield>
   <subfield code="o">658.15 L107</subfield>
   <subfield code="p">MD.06305</subfield>
   <subfield code="r">2017-11-07</subfield>
   <subfield code="v">119000.00</subfield>
   <subfield code="w">2017-11-07</subfield>
   <subfield code="y">BK</subfield>
  </datafield>
  <datafield tag="980" ind1=" " ind2=" ">
   <subfield code="a">Thư viện Trường Đại học Nam Cần Thơ</subfield>
  </datafield>
 </record>
</collection>
